Комбинированный прибор для контроля легкосплавных бурильных труб; Информационно-измерительная техника и технологии

Opis bibliograficzny
Parent link:Информационно-измерительная техника и технологии.— 2010.— С. 48-49
1. autor: Дао Суан Тхао
Język:rosyjski
Wydane: 2010
Format: Rozdział
KOHA link:https://koha.lib.tpu.ru/cgi-bin/koha/opac-detail.pl?biblionumber=217269

MARC

LEADER 00000naa2a2200000 4500
001 217269
005 20231031194450.0
035 |a (RuTPU)RU\TPU\book\237263 
035 |a RU\TPU\book\236538 
090 |a 217269 
100 |a 20120603d2010 k y0rusy50 ca 
101 0 |a rus 
102 |a RU 
200 1 |a Комбинированный прибор для контроля легкосплавных бурильных труб  |f Дао Суан Тхао 
320 |a Библиогр.: с. 49 (3 назв.) 
463 0 |0 (RuTPU)RU\TPU\book\229489  |t Информационно-измерительная техника и технологии  |o сборник материалов I Научно-практической конференции, посвященной 50-летию кафедры "Информационно-измерительная техника" ЭФФ НИ ТПУ, г. Томск, 25-26 февраля 2010 г.  |f Национальный исследовательский Томский политехнический университет (ТПУ); под ред. А. В. Юрченко  |v С. 48-49  |d 2010  |p 117 с. 
700 1 |a Дао Суан Тхао 
801 1 |a RU  |b 63413507  |c 20120523 
801 2 |a RU  |b 63413507  |c 20160520  |g RCR 
942 |c BK